Management research: a cross-cultural perspective (Record no. 196)

MARC details
000 -LEADER
fixed length control field 00410nam a2200145Ia 4500
020 ## - INTERNATIONAL STANDARD BOOK NUMBER
ISBN 0-444-41060-0
082 ## - DEWEY DECIMAL CLASSIFICATION NUMBER
Classification number 658.0072 MAN;
245 #0 - TITLE STATEMENT
Title Management research: a cross-cultural perspective
260 ## - PUBLICATION, DISTRIBUTION, ETC. (IMPRINT)
Place of publication New York
Name of publisher Elsevier Scientific Publishing
Year of publication 1973
300 ## - PHYSICAL DESCRIPTION
Number of Pages xiv, 349p.
504 ## - BIBLIOGRAPHY, ETC. NOTE
Bibliography, etc Includes index
650 ## - SUBJECT ADDED ENTRY--TOPICAL TERM
Topical Term Management - Developing countries - Research
700 ## - ADDED ENTRY--PERSONAL NAME
Personal name Graves, Desmond
942 ## - ADDED ENTRY ELEMENTS (KOHA)
Koha item type Books
Holdings
Withdrawn status Lost status Damaged status Not for loan Home library Current library Date acquired Full call number Accession Number Price effective from Koha item type
        NASSDOC Library NASSDOC Library 08/06/2004 658.0072 MAN; 6240 18/04/2019 Books